000 00896nas a2200301 4500
001 BR8006461
003 BR-BrBNA
005 20231205084424.0
007 ta
008 230509b bl.|||p| |||| 00| 00por d
040 _aBR-BrBNA
_bpor
_cBiblioteca Nacional de Agricultura
041 _a(Pt)
072 _aF25
100 1 _aHaag, H.P.
100 1 _aOrlando Filho, J.
100 1 _aSarruge, J.R.
100 1 _aZambello Junior, E.
100 1 _aRossetto, A.
245 1 _aUtilizacao da vinhaca em solo argiloso e composicao quimica da cana-de-acucar (Saccharum spp.)
650 _aVINHACA
650 _aRESIDUO INDUSTRIAL
650 _aLATOSSOLO VERMELHO ESCURO
650 _aCANA DE ACUCAR
650 _aSOLO ARGILOSO
773 0 _tSolo (Brazil)
_xISSN 0584-0821
_g(Jul-Dec 1980), v. 72(2) p. 5-9
_wBR8006461
909 _a202311
_bLúcia
_c55
_dLúcia Elande
942 _2AGRIS
_n0
_cANA
999 _c105117
_d105117